[Event "European Blitz 2022"]
[Site "Katowice POL"]
[Date "2022.12.16"]
[Round "2.80"]
[White "Kania, Franciszek"]
[Black "Cherniaiev, Tykhon"]
[Result "0-1"]
[BlackTitle "FM"]
[WhiteElo "1841"]
[BlackElo "2330"]
[WhiteFideId "21034362"]
[BlackFideId "14182360"]
[EventDate "2022.12.16"]

1. c4 e5 2. Nc3 Nf6 3. g3 Bb4 4. Bg2 c6 5. Nf3 e4 6. Nd4 Bxc3 7. dxc3 d5 8. O-O
h6 9. cxd5 cxd5 10. Qb3 O-O 11. Bd2 Nbd7 12. Rad1 Ne5 13. Bf4 Ng6 14. Bc1 a5 15.
a4 Bd7 16. Nb5 Qc8 17. Be3 Bh3 18. Bd4 Bxg2 19. Kxg2 Nh5 20. f3 Qc6 21. f4 Qc8
22. f5 Ne7 23. g4 Nf6 24. Bxf6 gxf6 25. Qc2 Kh7 26. h3 Rg8 27. Kh2 Qb8+ 28. Kg2
Qe5 29. Nd4 Rac8 30. Qd2 Rc4 31. Ra1 e3 32. Qd3 Nc6 33. Rad1 Rxa4 34. Rf3 Re8
35. Nxc6 bxc6 36. b3 Re4 37. Ra1 Rg8 38. Rg3 h5 39. Rh1 Rg7 40. c4 d4 41. b4 Rf4
42. Rf3 0-1

[Event "European Blitz 2022"]
[Site "Katowice POL"]
[Date "2022.12.16"]
[Round "2.81"]
[White "Arkell, Keith C"]
[Black "Lukasik, Zuzanna"]
[Result "1-0"]
[WhiteTitle "GM"]
[WhiteElo "2406"]
[BlackElo "1781"]
[WhiteFideId "400270"]
[BlackFideId "21813906"]
[EventDate "2022.12.16"]

1. d4 d5 2. Nf3 Nf6 3. c4 e6 4. cxd5 exd5 5. Nc3 c6 6. Qc2 Be7 7. Bg5 O-O 8. e3
g6 9. Bxf6 Bxf6 10. b4 a5 11. b5 Bf5 12. Bd3 Bxd3 13. Qxd3 Nd7 14. bxc6 bxc6 15.
Rc1 Qe7 16. O-O Nb6 17. Rc2 Nc4 18. Nd2 Nxd2 19. Qxd2 Rfc8 20. Na4 Qd8 21. Rfc1
Ra6 22. g3 Be7 23. Nc5 Bxc5 24. Rxc5 Kg7 25. Qc2 Qb6 26. Rxd5 cxd5 27. Qxc8 Qb2
28. Qc2 Qb4 29. Qc5 Qb2 30. Rc2 Qb1+ 31. Kg2 Rf6 32. Rd2 Qe4+ 33. Kf1 Qb1+ 34.
Ke2 Qe4 35. Rb2 Qg2 36. Kd3 Qxh2 37. Rb8 Kh6 38. Qf8+ Kh5 39. Qg7 Kg5 40. f4+
Kf5 41. g4+ Kxg4 42. Qxf6 Qg2 43. Qd6 Qf1+ 44. Kc3 Qc1+ 45. Kb3 Qb1+ 46. Ka4
Qxa2+ 47. Kb5 Qb3+ 48. Kxa5 Qa2+ 49. Kb5 Qb3+ 50. Kc6 Qxe3 51. Kxd5 Qf3+ 52. Kc5
Qa3+ 53. Kc6 Qa6+ 54. Kd7 Qa7+ 55. Ke8 Qa4+ 56. Kxf7 Qa7+ 57. Kg8 Qa2+ 58. Kxh7
Qh2+ 59. Kxg6 Qh5+ 60. Kg7 1-0

[Event "European Blitz 2022"]
[Site "Katowice POL"]
[Date "2022.12.16"]
[Round "2.82"]
[White "Pycinski, Wladyslaw"]
[Black "Kjartansson, Gudmundur"]
[Result "0-1"]
[BlackTitle "GM"]
[WhiteElo "1867"]
[BlackElo "2453"]
[WhiteFideId "21054509"]
[BlackFideId "2301318"]
[EventDate "2022.12.16"]

1. d4 Nf6 2. Nf3 b6 3. g3 Bb7 4. Bg2 g6 5. O-O Bg7 6. b3 O-O 7. Bb2 c5 8. c4
cxd4 9. Nxd4 Bxg2 10. Kxg2 Qc8 11. Nc3 Qb7+ 12. Kg1 Nc6 13. Nd5 Nxd5 14. cxd5
Nxd4 15. Bxd4 Bxd4 16. Qxd4 Rac8 17. Rfc1 d6 18. e3 Rc5 19. b4 Rxd5 20. Qc3 Rd8
21. Qc7 Rd1+ 22. Rxd1 Qxc7 0-1

[Event "European Blitz 2022"]
[Site "Katowice POL"]
[Date "2022.12.16"]
[Round "2.83"]
[White "Diermair, Andreas"]
[Black "Bara, Jan"]
[Result "1-0"]
[WhiteTitle "GM"]
[WhiteElo "2446"]
[BlackElo "1672"]
[WhiteFideId "1612468"]
[BlackFideId "23716150"]
[EventDate "2022.12.16"]

1. d4 Nf6 2. c4 g6 3. Nf3 Bg7 4. g3 O-O 5. Bg2 d6 6. Nc3 Nbd7 7. O-O c5 8. d5 a6
9. a4 Re8 10. e4 Nb6 11. Qd3 Qc7 12. a5 Nbd7 13. Re1 Ne5 14. Nxe5 dxe5 15. h3 e6
16. Bg5 h6 17. Be3 exd5 18. cxd5 Bd7 19. Qd2 Kh7 20. Na4 Bxa4 21. Rxa4 Rac8 22.
Rc1 Qd6 23. Rac4 Nd7 24. b4 b6 25. axb6 Qxb6 26. bxc5 Qb5 27. c6 Nf6 28. Rb4 Qa5
29. Bb6 Qa3 30. Qc3 Qxc3 31. Rxc3 Bf8 32. Bc5 Bxc5 33. Rxc5 Red8 34. Bf1 a5 35.
Rxa5 Rd6 36. f3 Rc7 37. Rb7 Ne8 38. Ra8 1-0

[Event "European Blitz 2022"]
[Site "Katowice POL"]
[Date "2022.12.16"]
[Round "2.86"]
[White "Penza, Denis"]
[Black "Psyk, Radoslaw"]
[Result "0-1"]
[WhiteElo "1783"]
[BlackElo "2438"]
[WhiteFideId "14124106"]
[BlackFideId "1182838"]
[EventDate "2022.12.16"]

1. d4 Nf6 2. c4 e5 3. dxe5 Ng4 4. Bf4 Nc6 5. Nf3 Bb4+ 6. Nbd2 Qe7 7. a3 Ngxe5 8.
Nxe5 Nxe5 9. e3 Bc5 10. Be2 d6 11. O-O a5 12. Qc2 O-O 13. Rac1 Re8 14. Nf3 Ng6
15. Bg3 Bd7 16. Rfe1 a4 17. Nd2 Bc6 18. Bf3 Bxf3 19. Nxf3 Qd7 20. h3 Re7 21. Nd4
Bxd4 22. exd4 Rae8 23. Qd2 h5 24. f3 Qc6 25. Qc2 Qb6 26. Bf2 Rxe1+ 27. Rxe1
Rxe1+ 28. Bxe1 Qxd4+ 29. Bf2 Qe5 30. Qxa4 Qxb2 31. Qe8+ Nf8 32. Qe3 Ne6 33. h4
Qf6 34. Qe2 Qa1+ 35. Kh2 Qxa3 36. Qe4 Qa5 37. Qxb7 Qe5+ 38. Bg3 Qd4 39. Qb8+ Kh7
40. Qb1+ g6 41. Qc2 0-1

[Event "European Blitz 2022"]
[Site "Katowice POL"]
[Date "2022.12.16"]
[Round "2.87"]
[White "Gunnarsson, Arnar"]
[Black "Tutinas, Romualdas"]
[Result "1-0"]
[WhiteTitle "IM"]
[WhiteElo "2406"]
[BlackElo "1709"]
[WhiteFideId "2300915"]
[BlackFideId "12842800"]
[EventDate "2022.12.16"]

1. c4 e5 2. Nc3 Nf6 3. Nf3 Nc6 4. e3 d5 5. cxd5 Nxd5 6. Bb5 Nxc3 7. bxc3 Bg4 8.
h3 Bd7 9. d4 exd4 10. cxd4 Bb4+ 11. Bd2 Bxd2+ 12. Qxd2 O-O 13. O-O a6 14. Bd3
Rc8 15. Rab1 b5 16. Rfc1 Ne7 17. a4 c6 18. Rc5 Nd5 19. Be4 Nb6 20. axb5 axb5 21.
Ne5 Be8 22. Qc2 g6 23. Bxc6 Bxc6 24. Rxc6 Nc4 25. Rxc8 Qxc8 26. Rxb5 Nxe5 27.
Qxc8 Rxc8 28. Rxe5 1-0

[Event "European Blitz 2022"]
[Site "Katowice POL"]
[Date "2022.12.16"]
[Round "2.88"]
[White "Schulz, Dennis"]
[Black "Morgunov, Marc"]
[Result "0-1"]
[BlackTitle "FM"]
[WhiteElo "1697"]
[BlackElo "2402"]
[WhiteFideId "16241231"]
[BlackFideId "1640305"]
[EventDate "2022.12.16"]

1. d4 Nf6 2. Nf3 g6 3. g3 Bg7 4. Bg2 O-O 5. O-O d6 6. c4 Nc6 7. d5 Na5 8. Nbd2
c5 9. dxc6 Nxc6 10. b3 Ne4 11. Nxe4 Bxa1 12. Bh6 Bg7 13. Bxg7 Kxg7 14. Qa1+ f6
15. Rd1 Qa5 16. Rd5 Qc7 17. Nd4 Nxd4 18. Rxd4 Be6 19. Ng5 Bg8 20. Rd3 h6 21. Ne4
a6 22. Nc3 Rac8 23. Nd5 Bxd5 24. Bxd5 b5 25. h4 bxc4 26. Bxc4 h5 27. Rf3 Qc5 28.
Kg2 a5 29. Bd3 e5 30. e4 Qc3 31. Qd1 Qd4 32. Qe1 Rc3 33. Be2 Qxe4 34. Qxc3 Qxe2
35. Qc7+ Rf7 36. Qxd6 Qxa2 37. Qd5 a4 38. Qa5 axb3 39. Qxa2 bxa2 40. Ra3 Rc7 41.
Rxa2 Kf7 42. Ra6 Rd7 43. Rb6 Ke7 44. Ra6 Rd6 45. Ra7+ Ke6 46. Ra8 Kf5 47. Ra4
Rd4 48. Ra6 Rd2 49. Kf3 Rd3+ 50. Ke2 Rb3 51. Ra4 Rb2+ 52. Kf3 Rb3+ 53. Kg2 e4
54. Ra5+ Kg4 55. Ra4 Kf5 56. Ra5+ Ke6 57. Ra6+ Ke5 58. Ra5+ Kd4 59. Ra6 Rf3 60.
Ra4+ Kd3 61. Ra3+ Ke2 62. Ra2+ Kd3 63. Ra3+ Kd4 64. Ra4+ Ke5 65. Ra5+ Ke6 66.
Ra6+ Kf5 67. Ra5+ Kg4 68. Ra4 Kf5 69. Ra5+ Ke6 70. Ra6+ Kf7 71. Ra4 f5 72. Ra6
Rd3 73. Rb6 Rd2 74. Rb3 Kf6 75. Rb6+ Ke5 76. Rb5+ Kd4 77. Rb8 e3 78. Rd8+ Kc3
79. Rc8+ Kb2 80. Kf1 Rxf2+ 81. Ke1 Rg2 82. Rb8+ Kc3 83. Rc8+ Kd3 84. Rd8+ Ke4
85. Re8+ Kf3 86. Kd1 Rg1+ 87. Kc2 e2 88. Kd2 Rd1+ 89. Kc2 e1=Q 0-1

[Event "European Blitz 2022"]
[Site "Katowice POL"]
[Date "2022.12.16"]
[Round "2.89"]
[White "Kirk, Ezra"]
[Black "Gajzner, Ryszard"]
[Result "1-0"]
[WhiteTitle "IM"]
[WhiteElo "2432"]
[BlackElo "1718"]
[WhiteFideId "600067"]
[BlackFideId "1188607"]
[EventDate "2022.12.16"]

1. e4 c5 2. Nf3 g6 3. c3 Bg7 4. d4 cxd4 5. cxd4 d5 6. e5 Bg4 7. Nc3 e6 8. h3
Bxf3 9. Qxf3 Ne7 10. Be3 O-O 11. Bd3 Nbc6 12. O-O Nxe5 13. dxe5 d4 14. Rad1 dxe3
15. Qxe3 Qb6 16. Qxb6 axb6 17. f4 Rfd8 18. Be4 Nc6 19. a3 Bf8 20. Nb5 Bc5+ 21.
Kh2 Nd4 22. Bxb7 Rab8 23. Be4 Nf5 24. Bxf5 gxf5 25. Nd6 Bxd6 26. exd6 Rd7 27.
Rd3 Kg7 28. Rfd1 Kf6 29. Kg3 Rg8+ 30. Kf3 h5 31. h4 Rc8 32. Rb3 Rc6 33. Rbd3 e5
34. fxe5+ Kxe5 35. b4 Rc4 36. g3 f4 37. Re1+ Kf6 38. gxf4 Rc6 39. Re5 Rcxd6 40.
Rxd6+ Rxd6 41. Rxh5 Rd3+ 42. Ke4 Rxa3 43. Rh6+ Kg7 44. Rxb6 Rh3 45. Rc6 Rxh4 46.
Rc3 Rh8 47. b5 Rb8 48. Rb3 Kf6 49. Kd5 Ke7 50. Kc6 Kd8 51. b6 1-0

[Event "European Blitz 2022"]
[Site "Katowice POL"]
[Date "2022.12.16"]
[Round "2.90"]
[White "Kojder, Tomasz"]
[Black "Larkin, Vladyslav"]
[Result "0-1"]
[BlackTitle "IM"]
[WhiteElo "1659"]
[BlackElo "2452"]
[WhiteFideId "21839727"]
[BlackFideId "14152894"]
[EventDate "2022.12.16"]

1. e4 c5 2. f4 b6 3. Nf3 Bb7 4. d3 e6 5. Be2 g6 6. c3 Bg7 7. Be3 Ne7 8. O-O d5
9. e5 Nbc6 10. Na3 a6 11. Nc2 h6 12. Bf2 Qd7 13. Bg3 g5 14. d4 Nf5 15. Qd2 cxd4
16. cxd4 Qe7 17. Bd3 g4 18. Bxf5 gxf3 19. Bd3 fxg2 20. Kxg2 h5 21. f5 Bh6 22.
Qe2 Qg5 23. Kh1 h4 24. Be1 Rg8 25. Bb4 O-O-O 26. Rg1 Qf4 27. Rgf1 Qg4 28. fxe6
fxe6 29. Rf6 Qxe2 30. Bxe2 Nxb4 31. Nxb4 Be3 32. Nc2 Bd2 33. Rxe6 Kb8 34. Rxb6
Ka7 35. Rf6 Rc8 36. Na3 Be3 37. h3 Rg3 38. Bg4 Rc7 39. Rd1 Bc1 40. e6 Bxb2 41.
Re1 Bxa3 42. e7 Rxe7 43. Rxe7 Bxe7 44. Rf7 Re3 45. Rh7 Kb6 46. Kg2 Bc6 47. Kf2
Re4 48. Bf5 Rf4+ 0-1

[Event "European Blitz 2022"]
[Site "Katowice POL"]
[Date "2022.12.16"]
[Round "2.92"]
[White "Shystarova, Svitlana"]
[Black "Kowalski, Igor"]
[Result "0-1"]
[BlackTitle "IM"]
[WhiteElo "1703"]
[BlackElo "2344"]
[WhiteFideId "14123070"]
[BlackFideId "1172468"]
[EventDate "2022.12.16"]

1. e4 c6 2. d4 d5 3. Nc3 dxe4 4. Nxe4 Bf5 5. Ng3 Bg6 6. Nf3 Nd7 7. Bd3 Ngf6 8.
O-O e6 9. Bg5 Be7 10. Re1 O-O 11. c3 Qb6 12. Rb1 c5 13. Bxg6 hxg6 14. Qb3 Rfd8
15. Qxb6 Nxb6 16. dxc5 Bxc5 17. Rbd1 Nc4 18. b4 Bb6 19. a4 a5 20. b5 Nb2 21. Ra1
Rd5 22. Re2 Nc4 23. Bxf6 gxf6 24. Ne4 Kg7 25. Rc1 Rad8 26. h3 f5 27. Ng3 e5 28.
Nf1 e4 29. Ng5 Rd1 30. Rxd1 Rxd1 0-1

[Event "European Blitz 2022"]
[Site "Katowice POL"]
[Date "2022.12.16"]
[Round "2.93"]
[White "Monroy, Charles"]
[Black "Chiszko, Oskar"]
[Result "1-0"]
[WhiteTitle "IM"]
[WhiteElo "2395"]
[BlackElo "1657"]
[WhiteFideId "621641"]
[BlackFideId "21894353"]
[EventDate "2022.12.16"]

1. Nf3 Nf6 2. c4 g6 3. Nc3 Bg7 4. e4 d6 5. d4 O-O 6. h3 e5 7. d5 Na6 8. Bg5 h6
9. Be3 Nc5 10. Nd2 a5 11. g4 Ne8 12. Rg1 Kh7 13. Qc2 f5 14. f3 f4 15. Bf2 Bf6
16. O-O-O Bh4 17. Bxc5 dxc5 18. Nb3 b6 19. Nb5 Nd6 20. Kb1 Bd7 21. Nc1 Bxb5 22.
cxb5 Qd7 23. a4 Bg3 24. Rh1 Bh4 25. Bd3 Qe7 26. Rhg1 Rad8 27. Nb3 Rc8 28. Nd2
Rcd8 29. Nc4 Rfe8 30. Rd2 Nxc4 31. Bxc4 Qd6 32. Rdg2 g5 33. Rd2 1-0

[Event "European Blitz 2022"]
[Site "Katowice POL"]
[Date "2022.12.16"]
[Round "2.94"]
[White "Kotowicz, Kamil"]
[Black "Barski, Radoslaw"]
[Result "0-1"]
[BlackTitle "IM"]
[WhiteElo "1771"]
[BlackElo "2441"]
[WhiteFideId "21861412"]
[BlackFideId "1131710"]
[EventDate "2022.12.16"]

1. d4 Nf6 2. c4 e6 3. Nf3 d5 4. Nc3 c6 5. cxd5 exd5 6. Bg5 Be7 7. e3 O-O 8. Bd3
h6 9. Bh4 Ne8 10. Bxe7 Qxe7 11. Qe2 Nd6 12. O-O Re8 13. Ne5 Nd7 14. f4 f6 15.
Nxd7 Bxd7 16. Rae1 f5 17. Qh5 Qf6 18. Rf3 Re7 19. Rg3 Be8 20. Qe2 Bf7 21. b4
Rae8 22. b5 Nc4 23. Bxc4 dxc4 24. Qd2 cxb5 25. Nxb5 a6 26. Nc3 b5 27. a3 Qd6 28.
d5 Qf6 29. Rd1 Rd8 30. Qd4 Qxd4 31. Rxd4 Red7 32. e4 Kf8 33. Kf2 fxe4 34. Rxe4
Bxd5 35. Re5 Bf7 36. Ne4 Re8 37. Nc5 Rd2+ 38. Ke1 Rxe5+ 0-1

[Event "European Blitz 2022"]
[Site "Katowice POL"]
[Date "2022.12.16"]
[Round "2.95"]
[White "Novotny, Michal"]
[Black "Herter, Leonhard"]
[Result "1-0"]
[WhiteTitle "FM"]
[WhiteElo "2250"]
[BlackElo "1575"]
[WhiteFideId "310980"]
[BlackFideId "24697745"]
[EventDate "2022.12.16"]

1. e4 e5 2. Nf3 Nc6 3. Nc3 Nf6 4. d4 exd4 5. Nxd4 Bb4 6. Nxc6 bxc6 7. Bd3 d6 8.
Bg5 h6 9. Bh4 Qe7 10. Qf3 g5 11. Bg3 Bg4 12. Qe3 Bc5 13. Qd2 Bb4 14. f3 Bh5 15.
O-O-O Kd7 16. e5 Nd5 17. Bf5+ Kd8 18. exd6 cxd6 19. Qd4 Bxc3 20. bxc3 Qe3+ 21.
Rd2 Qxd4 22. Rxd4 Kc7 23. c4 Ne3 24. Bxd6+ Kb6 25. c5+ Ka5 26. Bd3 Rhc8 27. Re1
Nd5 28. Ree4 Nc3 29. Re7 Bg6 30. Bxg6 fxg6 31. Kb2 Na4+ 32. Ka3 Rab8 33. Rxa4+ 1-0

[Event "European Blitz 2022"]
[Site "Katowice POL"]
[Date "2022.12.16"]
[Round "2.96"]
[White "Jaszczuk, Piotr"]
[Black "Haydon, David L"]
[Result "0-1"]
[BlackTitle "FM"]
[WhiteElo "1535"]
[BlackElo "2289"]
[WhiteFideId "21890668"]
[BlackFideId "415405"]
[EventDate "2022.12.16"]

1. f4 c6 2. Nf3 d5 3. e3 Bg4 4. Be2 e6 5. O-O Nf6 6. h3 Bxf3 7. Bxf3 h5 8. d3
Qb6 9. Kh1 Nbd7 10. b3 Bd6 11. Qe2 h4 12. Bb2 O-O-O 13. Nc3 e5 14. Na4 Qc7 15.
fxe5 Bxe5 16. Bxe5 Nxe5 17. Rae1 Rde8 18. d4 Ng6 19. c4 Nf4 20. Qc2 N4h5 21.
Bxh5 Nxh5 22. Rf3 Ng3+ 23. Kg1 dxc4 24. Qxc4 b5 25. Qxf7 bxa4 26. Qxc7+ Kxc7 27.
Rf7+ Kd6 28. bxa4 Rhf8 29. Rxg7 Rxe3 30. Rc1 Ne2+ 0-1

[Event "European Blitz 2022"]
[Site "Katowice POL"]
[Date "2022.12.16"]
[Round "2.97"]
[White "Fus, Jakub"]
[Black "Masnyak, Yuriy"]
[Result "1-0"]
[WhiteTitle "FM"]
[WhiteElo "2405"]
[BlackElo "1631"]
[WhiteFideId "1193023"]
[BlackFideId "34161627"]
[EventDate "2022.12.16"]

1. Nf3 Nf6 2. g3 g6 3. b3 Bg7 4. Bb2 O-O 5. Bg2 d5 6. c4 c6 7. O-O Nbd7 8. d3 b6
9. Nbd2 Bb7 10. Rc1 Rc8 11. Rc2 Re8 12. Qa1 c5 13. e3 d4 14. exd4 cxd4 15. Bxd4
Nc5 16. Qc3 e5 17. Bxe5 Nxd3 18. Bd4 Nc5 19. Rd1 Qe7 20. Nf1 Nfe4 21. Qa1 Bxd4
22. Rxd4 Rcd8 23. Re2 Qf6 24. Re3 Ne6 25. Rd1 Qxa1 26. Rxa1 N4c5 27. Ne5 Bxg2
28. Kxg2 Nd4 29. Ng4 Rxe3 30. Ngxe3 f5 31. Nd5 Kf7 32. Rd1 Nce6 33. Nfe3 h6 34.
h4 Rd7 35. Nc3 Rd8 36. Ned5 Rd7 37. Rd2 Rd8 38. Ne2 Nxe2 39. Rxe2 Rd7 40. Kf1 g5
41. hxg5 hxg5 42. Kg2 Rd8 43. Re1 Rd7 44. Rh1 Kg7 45. Rh7+ Kxh7 46. Nf6+ Kg6 47.
Nxd7 Nc5 48. Nxc5 bxc5 49. Kf3 Kf6 50. Ke3 Ke5 51. f4+ gxf4+ 52. gxf4+ Ke6 53.
a3 a5 54. Kd3 Kd6 55. Kc3 Kc6 56. b4 a4 57. b5+ Kb6 58. Kd3 Ka5 59. Ke3 Kb6 60.
Kf3 Ka5 61. Kg3 Kb6 62. Kh4 Ka5 63. Kg5 Kb6 64. Kxf5 Ka5 1-0

[Event "European Blitz 2022"]
[Site "Katowice POL"]
[Date "2022.12.16"]
[Round "2.98"]
[White "Hasterok, Lukasz"]
[Black "Ondozi, Murtez"]
[Result "0-1"]
[BlackTitle "FM"]
[WhiteElo "1619"]
[BlackElo "2406"]
[WhiteFideId "21822344"]
[BlackFideId "937576"]
[EventDate "2022.12.16"]

1. d4 d5 2. Nf3 Bf5 3. Bf4 c6 4. c3 Qb6 5. Qb3 Nf6 6. Nbd2 Nbd7 7. e3 h6 8. h3
e6 9. Be2 Be7 10. O-O O-O 11. Rfe1 Rfc8 12. Ne5 Nxe5 13. Bxe5 c5 14. dxc5 Bxc5
15. Nf3 Ne4 16. Rad1 Bg6 17. Nd4 a5 18. Qxb6 Bxb6 19. Bg4 Kh7 20. a3 Nc5 21. Be2
Na4 22. Rd2 Nc5 23. Bd6 Ne4 24. Rc2 Nxd6 0-1

[Event "European Blitz 2022"]
[Site "Katowice POL"]
[Date "2022.12.16"]
[Round "2.100"]
[White "Gbiorczyk, Mikolaj"]
[Black "Mitusov, Semen"]
[Result "0-1"]
[BlackTitle "IM"]
[WhiteElo "1832"]
[BlackElo "2397"]
[WhiteFideId "21080763"]
[BlackFideId "14151049"]
[EventDate "2022.12.16"]

1. d4 d5 2. Bg5 Nd7 3. e3 Ngf6 4. Nd2 h6 5. Bh4 e6 6. Bd3 Be7 7. f4 b6 8. Ngf3
Bb7 9. Ne5 Ne4 10. Bxe7 Qxe7 11. Bb5 Nf6 12. Ndf3 O-O 13. O-O Rac8 14. c3 c6 15.
Bd3 Ne4 16. Nxd7 Qxd7 17. Ne5 Qe7 18. Qc2 c5 19. Bxe4 dxe4 20. a4 Qe8 21. a5 h5
22. Qa4 b5 23. Qa2 f6 24. a6 Ba8 25. f5 fxe5 26. fxe6 Qe7 27. h3 c4 28. Qa5 Bc6
29. Rf7 Rxf7 30. exf7+ Qxf7 31. Rf1 Qe7 32. Qa1 exd4 33. exd4 e3 34. Qe1 e2 35.
Rf2 Re8 36. Kh2 Qe3 37. Kg1 h4 38. Kh1 Qxf2 0-1

[Event "European Blitz 2022"]
[Site "Katowice POL"]
[Date "2022.12.16"]
[Round "3.2"]
[White "Tsikarishvili, Nana"]
[Black "Navara, David"]
[Result "0-1"]
[BlackTitle "GM"]
[WhiteElo "2066"]
[BlackElo "2684"]
[WhiteFideId "13601806"]
[BlackFideId "309095"]
[EventDate "2022.12.16"]

1. e4 c5 2. Nf3 d6 3. d4 cxd4 4. Nxd4 Nf6 5. Nc3 a6 6. Bc4 e6 7. Be3 b5 8. Bb3
Bb7 9. f3 Nbd7 10. Qd2 Nc5 11. O-O-O Be7 12. g4 Nfd7 13. Kb1 O-O 14. g5 b4 15.
Nce2 a5 16. Nb5 a4 17. Bc4 Ne5 18. Bd3 Ba6 19. Nbd4 Ncxd3 20. cxd3 Bxd3+ 21. Ka1
a3 22. b3 d5 23. f4 Bxe4 24. fxe5 Bxh1 25. Rxh1 Qc7 26. Rc1 Qxe5 27. Rg1 Rac8
28. Bf4 Qe4 29. Be3 Bd6 30. Ng3 Bxg3 31. hxg3 Rc3 32. Re1 Rfc8 33. Bf2 Qxe1+ 0-1

[Event "European Blitz 2022"]
[Site "Katowice POL"]
[Date "2022.12.16"]
[Round "3.3"]
[White "Svane, Rasmus"]
[Black "Miturova, Magdalena"]
[Result "1-0"]
[WhiteTitle "GM"]
[BlackTitle "WIM"]
[WhiteElo "2622"]
[BlackElo "2147"]
[WhiteFideId "4657101"]
[BlackFideId "330221"]
[EventDate "2022.12.16"]

1. Nf3 Nf6 2. g3 e6 3. Bg2 d5 4. O-O Be7 5. c4 c6 6. b3 O-O 7. Bb2 b6 8. Qc2
Nbd7 9. Nc3 Bb7 10. d4 Rc8 11. e4 c5 12. exd5 exd5 13. Rfd1 dxc4 14. d5 cxb3 15.
axb3 Bd6 16. Rxa7 Ba8 17. Nb5 Ne8 18. Bh3 Ndf6 19. Bxc8 Qxc8 20. Bxf6 gxf6 21.
Nh4 Bb7 22. Nf5 Bb8 23. Ne7+ 1-0

[Event "European Blitz 2022"]
[Site "Katowice POL"]
[Date "2022.12.16"]
[Round "3.4"]
[White "Niccoli, Tony"]
[Black "Deac, Bogdan-Daniel"]
[Result "0-1"]
[BlackTitle "GM"]
[WhiteElo "2027"]
[BlackElo "2700"]
[WhiteFideId "432946"]
[BlackFideId "1226380"]
[EventDate "2022.12.16"]

1. d4 g6 2. Nf3 Bg7 3. e4 c6 4. c3 d5 5. Bd3 Nh6 6. O-O O-O 7. Re1 Nd7 8. Nbd2
Nb6 9. a4 a5 10. h3 Re8 11. Nf1 dxe4 12. Bxe4 Nf5 13. Ne3 Nd6 14. Bc2 Nd5 15.
Bb3 e6 16. Ne5 Qc7 17. N3c4 Nf5 18. Qf3 f6 19. Nd3 b6 20. Nf4 Bd7 21. Bd2 Rad8
22. Rad1 Bf8 23. Bc2 Bg7 24. Bxf5 gxf5 25. Nh5 Bc8 26. Ne3 Qf7 27. Nc4 Bf8 28.
Qg3+ Kh8 29. Qh4 Be7 30. Bh6 Rg8 31. Rd3 Ba6 32. b3 Rg6 33. Bd2 Rdg8 34. Rg3 b5
35. axb5 cxb5 36. Nxa5 Bd6 37. Rxg6 Qxg6 38. Ng3 f4 0-1

[Event "European Blitz 2022"]
[Site "Katowice POL"]
[Date "2022.12.16"]
[Round "3.5"]
[White "Grandelius, Nils"]
[Black "Dzierzak, Radoslaw"]
[Result "0-1"]
[WhiteTitle "GM"]
[BlackTitle "FM"]
[WhiteElo "2660"]
[BlackElo "2211"]
[WhiteFideId "1710400"]
[BlackFideId "1161407"]
[EventDate "2022.12.16"]

1. Nf3 Nf6 2. g3 d5 3. Bg2 e6 4. O-O c5 5. e3 Be7 6. d4 Nbd7 7. b3 O-O 8. Bb2 b6
9. Ne5 Bb7 10. c4 Qc7 11. Nxd7 Qxd7 12. dxc5 bxc5 13. cxd5 exd5 14. Nd2 Rfd8 15.
Rc1 d4 16. e4 Re8 17. Re1 Bf8 18. Qc2 Rac8 19. Qd3 Qe6 20. e5 Nd5 21. Qf1 Qb6
22. Nc4 Qa6 23. Bh3 Rcd8 24. e6 fxe6 25. Qe2 e5 26. Qh5 g6 27. Qg5 Bg7 28. Rcd1
Nb6 29. Nxe5 Nd5 30. Nd7 Ne7 31. Rxe7 Qc6 32. Rxg7+ Kxg7 33. f3 Qxf3 34. Rxd4
Qh1+ 35. Kf2 Qe1# 0-1

[Event "European Blitz 2022"]
[Site "Katowice POL"]
[Date "2022.12.16"]
[Round "3.6"]
[White "Mrvova, Alena"]
[Black "Santos Latasa, Jaime"]
[Result "0-1"]
[WhiteTitle "WIM"]
[BlackTitle "GM"]
[WhiteElo "2135"]
[BlackElo "2668"]
[WhiteFideId "14902036"]
[BlackFideId "2293307"]
[EventDate "2022.12.16"]

1. Nf3 c5 2. g3 Nc6 3. d3 g6 4. e4 Bg7 5. Bg2 d6 6. O-O e5 7. Nc3 Nge7 8. Bg5 h6
9. Be3 O-O 10. Qd2 Kh7 11. Ne1 Be6 12. f4 exf4 13. Bxf4 d5 14. exd5 Nxd5 15.
Nxd5 Bxd5 16. c3 Bxg2 17. Qxg2 Qd7 18. Rd1 Rad8 19. Nf3 Rfe8 20. Rf2 Kg8 21. h4
b6 22. Kh2 Ne7 23. g4 Nd5 24. Bc1 Nf6 25. g5 Ng4+ 26. Kg1 Nxf2 27. Kxf2 h5 28.
Ne1 Re6 29. Nc2 Qa4 30. Kg1 Rde8 31. Rf1 Re2 0-1

[Event "European Blitz 2022"]
[Site "Katowice POL"]
[Date "2022.12.16"]
[Round "3.7"]
[White "Saric, Ante"]
[Black "Lajbl, Jan"]
[Result "1-0"]
[WhiteTitle "GM"]
[WhiteElo "2504"]
[BlackElo "2225"]
[WhiteFideId "14506254"]
[BlackFideId "390240"]
[EventDate "2022.12.16"]

1. Nf3 d5 2. g3 g6 3. Bg2 Bg7 4. d4 Nf6 5. c4 c6 6. cxd5 cxd5 7. Ne5 Nc6 8. Nc3
O-O 9. O-O Bf5 10. Nxc6 bxc6 11. Bf4 Rc8 12. Rc1 Nh5 13. Be3 Re8 14. Qd2 e5 15.
dxe5 Bxe5 16. Bd4 Nf6 17. Bxe5 Rxe5 18. Qd4 Qe7 19. b4 Ne4 20. e3 c5 21. bxc5
Qxc5 22. Qxe5 1-0

[Event "European Blitz 2022"]
[Site "Katowice POL"]
[Date "2022.12.16"]
[Round "3.8"]
[White "Herega, Nejc"]
[Black "Sargsyan, Shant"]
[Result "0-1"]
[BlackTitle "GM"]
[WhiteElo "2164"]
[BlackElo "2645"]
[WhiteFideId "14634058"]
[BlackFideId "13306766"]
[EventDate "2022.12.16"]

1. d4 Nf6 2. Nf3 d5 3. c4 e6 4. Nc3 h6 5. Bf4 Bb4 6. e3 c5 7. a3 Bxc3+ 8. bxc3
Qa5 9. Qc2 Nc6 10. Bd3 dxc4 11. Bxc4 cxd4 12. exd4 b6 13. O-O Ba6 14. Bxa6 Qxa6
15. Ne5 Rc8 16. Nxc6 Rxc6 17. Be5 Qc4 18. Rac1 Ke7 19. Rfe1 Rhc8 20. Qd2 Qd5 21.
Bxf6+ gxf6 22. Re3 Rc4 23. h3 Rg8 24. f4 h5 25. Rce1 Ra4 26. Qf2 Rxa3 27. R1e2
Ra1+ 28. Kh2 Qf5 29. c4 Ra4 30. Rc2 Rc8 31. Qe2 Qxf4+ 32. g3 Qf5 33. d5 e5 34.
Rd3 Rd8 35. Qd2 Ra5 36. d6+ Ke8 37. Rd5 Rxd5 38. cxd5 Rxd6 39. Rc7 Rd7 40. Rc8+
Rd8 41. Rc7 h4 42. Qb4 hxg3+ 43. Kxg3 Qf4+ 44. Qxf4 exf4+ 45. Kxf4 Rxd5 46. Rxa7
Rh5 47. Kg4 Rg5+ 48. Kf4 Rh5 49. Kg4 Rb5 50. h4 Kf8 51. Rc7 Kg7 52. Rc4 Rc5 53.
Rb4 b5 54. Kg3 Kg6 55. Kh3 Kh5 56. Kg3 f5 57. Kf4 Rc4+ 58. Rxc4 bxc4 59. Kxf5 c3 0-1